Sổ tay giám đốc: 500 tình huống quản lý và các quy định của pháp luật khi xử lý

Các tình huống liên quan đến bộ máy tổ chức, trách nhiệm cá nhân và thủ tục hành chính; lao động và tiền lương vốn và sử dụng vốn; nghĩa vụ thuế với nhà nước. Bạn hàng tự giới thiệu

Đã lưu trong:
书目详细资料
格式: 图书
语言:Undetermined
出版: Hà Nội Lao Động - Xã Hội 2000
主题:
标签: 添加标签
没有标签, 成为第一个标记此记录!
Thư viện lưu trữ: Trung tâm Học liệu Trường Đại học Cần Thơ
LEADER 01008nam a2200205Ia 4500
001 CTU_38307
008 210402s9999 xx 000 0 und d
020 |c 37000 
082 |a 658.409 
082 |b S450/T.1 
245 0 |a Sổ tay giám đốc: 
245 0 |b 500 tình huống quản lý và các quy định của pháp luật khi xử lý 
245 0 |c Nguyễn Hoàng Linh, Vũ Xuân Tiền (biên soạn và giới thiệu) 
260 |a Hà Nội 
260 |b Lao Động - Xã Hội 
260 |c 2000 
520 |a Các tình huống liên quan đến bộ máy tổ chức, trách nhiệm cá nhân và thủ tục hành chính; lao động và tiền lương vốn và sử dụng vốn; nghĩa vụ thuế với nhà nước. Bạn hàng tự giới thiệu 
650 |a Managerial economics,Office management 
904 |i Nguyên sửa 
980 |a Trung tâm Học liệu Trường Đại học Cần Thơ